The modern dance (Record no. 45170)
[ view plain ]
| 000 -LEADER | |
|---|---|
| fixed length control field | 01158nam a2200313Ia 4500 |
| 100 1# - MAIN ENTRY--AUTHOR NAME | |
| Personal name | Martin, John Joseph, |
| 245 14 - TITLE STATEMENT | |
| Title | The modern dance |
| 260 ## - PUBLICATION, DISTRIBUTION, ETC. (IMPRINT) | |
| Place of publication | Princeton, NJ : |
| Name of publisher | Princeton Book Co., |
| Year of publication | 1989. |
| 300 ## - PHYSICAL DESCRIPTION | |
| Number of Pages | 123 p. |
| 500 ## - GENERAL NOTE | |
| General note | "Unabridged republication of the original edition, first published in 1933." |
| General note | "A Dance Horizons Book." |
| General note | Includes index. |
| 650 #0 - SUBJECT ADDED ENTRY--TOPICAL TERM | |
| Topical Term | Modern dance. |
| Topical Term | Dance. |
| 856 40 - ELECTRONIC LOCATION AND ACCESS | |
| Uniform Resource Identifier | http://site.ebrary.com/lib/rucke/Doc?id=10075097 |
No items available.
